000 01305nam a2200289 i 4500
003 DO-SdBNP
005 20250630100925.0
007 ta
008 240902e1946 cl ||||| |||| 00| 0 spa d
040 _aDO-SdBNP
_bspa
_cBNPHU
_erda
041 _aspa
082 4 _a972.93053
_bF825te
_222
100 _aFranco Ornes, Pericles,
_d1921-
_eautor
_954949
_4aut.
245 1 3 _aLa tragedia dominicana ;
_b(análisis de la tiranía de Trujillo) /
_cPericles Franco Ornes ; prólogo, Pablo Neruda.
264 _aSantiago de Chile :
_bPublicaciones de la Federación de Estudiantes de Chile,
_c1946.
300 _a109 páginas ;
_c18 cm.
336 _atexto
_btxt
_2rdacontent
337 _asin mediación
_bn
_2rdamedia
338 _avolumen
_bnc
_2rdacarrier
505 2 _aLuchemos por la liberación de nuestros pueblos tiranizados.--
_tPanorama Político Dominicano.--
_tOrígenes de la Era Tenebrosa.--
_tLa lucha del pueblo dominicano por su libertad --
_tLa democracia mundial frente a la dictadura de Trujillo /
590 _aInventariado 2024 / YL
650 _aDictadura de Trujillo
_985510
_zRepública Dominicana
651 0 _aRepública Dominicana
_xHistoria
_yEra de Trujillo, 1930-1961
_978796
700 1 _aNeruda, Pablo
_d1904-1973
_912031
_eprologuista
_4pr.
910 _aYLockward
942 _2ddc
_cLBS1
999 _c57603
_d57603